000 01022cam a22003017a 4500
001 12338340
003 OSt
005 20170131200418.0
008 001103s2000 sz a b i001 0 eng d
010 _a 2001350078
020 _a9241545313
020 _a9241563692
035 _a(DLC)12338340
040 _aLTM
_cLTM
_dDLC
042 _anlmcopyc
_alccopycat
050 0 0 _aRJ370
_b.M33 2000
082 0 0 _aWA 310
_bM317w 2000
100 _a World Health Organization
_93669
245 0 0 _aManagement of the child with a serious infection or severe malnutrition :
_bguidelines for care at the first-referral level in developing countries.
260 _aGeneva :
_bUNICEF,
_c2000.
300 _axiii, 162 p. :
_bill. ;
_c30 cm.
504 _aIncludes bibliographical references (p. 123) and index.
650 0 _aPediatric intensive care.
_99740
650 1 2 _aChild nutrition
_99741
856 4 2 _uhttp://www.who.int/child-adolescent-health
906 _a7
_bcbc
_ccopycat
_d3
_encip
_f20
_gy-gencatlg
942 _2z
_cO_SHELF
999 _c4545
_d4545